Statistics for The Liverpool F.C. Anthem

Click here to take the quiz!

General Stats

  • This quiz has been taken 534 times
  • The average score is 60 of 71

Answer Stats

Answer% Correct
you
100%
a
99%
a
99%
a
99%
Walk
99%
walk
99%
walk
99%
walk
99%
Walk
99%
Walk
99%
Walk
99%
alone.
93%
alone
93%
never
93%
never
93%
the
93%
the
93%
the
93%
the
93%
the
93%
the
93%
And
91%
and
91%
And
91%
And
91%
When
90%
your
89%
your
89%
your
89%
you'll
88%
You'll
88%
on
87%
on
87%
on
87%
on
87%
storm
87%
storm
87%
be
86%
be
86%
through
86%
through
86%
through
86%
head
84%
up
84%
high
83%
Hold
83%
of
83%
of
83%
of
83%
afraid
81%
don't
81%
dark
80%
in
80%
rain
79%
heart
78%
With
76%
golden
75%
hope
75%
At
74%
end
74%
There's
74%
sky
73%
wind
71%
dreams
70%
sweet
69%
silver
68%
song
67%
lark
64%
tossed
59%
blown
55%
Though
41%

Score Distribution

Percentile by Number Answered

Percent of People with Each Score

Your Score History

You have not taken this quiz